000 00316 a2200157 4500
001 180929
020 _a
040 _cMagnum
100 _aArico, Carlos Roberto
240 1 0 _aDrogas
_lpor
245 1 0 _aDrogas
362 0 _a1899
440 1 _aÍcone
697 _aMAGNITO: CIENCIAS MEDICAS SAUD
942 _cBK
999 _c180929
_d180929